MDQL
is popping MORE tags! Check the
thread
!
Quizzes
Events
Quiz Creation
Community
Videos
Private Events
Remove Ads
Sign In
Join for FREE
Feedback
Dark Mode
Quiz Categories
Sports
Geography
Music
Movies
Television
Just For Fun
Miscellaneous
History
Literature
Language
Science
Gaming
Entertainment
Religion
Holiday
For Kids
Quiz Lab
Recent
Popular Today
Quiz Kudos Today
Editor Picks
Curator Picks
Quizzes by...
Day
Popularity
Type
Ratings
Length
Year
Community
Subscriptions
Recent Discussions
Orange Saloon
Badges
Playlists
Quests
Create
Leaderboards
Showdown
Live 5
Trivia Bingo
Activity
Puzzle Library
Sporcle Events
Private Events
Virtual Trivia
Globe League
Become a Host
Pub Owners
SporcleCon
Opinionation
Our Games
Videos
Blog
Mobile Apps
Partnerships
Remove Ads and Go Orange
Feedback
Television
TV Characters
TV Show
Sitcom
Network
Friends
Reality Shows
Cast
South Park
Star Trek
The Simpsons
Doctor Who
Television
TV Characters
TV Show
Sitcom
Network
Friends
Reality Shows
Cast
South Park
Star Trek
The Simpsons
Doctor Who
Random Quiz
Search Sporcle
×
Quiz Lab
Quiz Lab
Television
Reality Shows
Type in answers that appear in a list
Type in answers that appear in a list
Classic
Best Score? Go Orange.
Survivor: Borneo Contestants Stats
Can you name the contestants from the first season of Survivor (Survivor: Borneo)?
By
sporcloid
6m
16 Questions
419 Plays
419 Plays
419 Plays
Comments
Comments
Give Quiz Kudos
Give Quiz Kudos
-
- Ratings
hide this ad
Replay
Link that replays current quiz
Next Quiz
Link to next quiz in quiz playlist
You Got
0%
They Got
Avg Score
87%
Avg Friend Score
Upgrade to see
Score Distribution
Jump to the score distribution portion of the page
Score
0/16
Timer
06:00
0
Plays Today
Place
Name
% Correct
Winner
Richard Hatch
99.5%
3rd
Rudy Boesch
98.1%
4th
Susan Hawk
98.1%
Runner-
Up
Kelly Wiglesworth
97.1%
6th
Colleen Haskell
93.1%
5th
Sean Kenniff
92.3%
7th
Gervase Peterson
89.7%
15th
B.B. Andersen
89.7%
Place
Name
% Correct
8th
Jenna Lewis
88.5%
9th
Greg Buis
88%
16th
Sonja Christopher
86.6%
10th
Gretchen Cordy
84.7%
12th
Dirk Been
77.5%
13th
Ramona Gray
74.9%
11th
Joel Klug
73%
14th
Stacey Stillman
73%
Quiz Playlist
Details
Report
Send in Message
Add To Playlist
Classic:
Type in answers that appear in a list
Last Updated: Feb 16, 2017
Quiz Scoreboard
CHALLENGE
Sign Up to Join the Scoreboard
Show All
Scores
Hide
Comments
May contain spoilers
Recently Published
Find the 'City' Movie
by crazypaving
Movies
60s
5x2 Blitz: Bands
by SL_Kpop136
Music
30s
Colored Red Africa Blitz
by spor1
Geography
30s
More to Explore
Quiz From the Vault
Featured Blog Post
14 Easter Pick-up Lines to Find Eggs With
hide this ad
You Might Also Like...
Tags
Reality Shows Quiz
Borneo
Contestants
place
season
Survivor
tribe
Today's Top Quizzes in Television
Browse Television
hide this ad
Today's Top Quizzes in Reality Shows
Browse Reality Shows
Top Contributed Quizzes in Television
1
Survivor Journey Challenge
2
Brooklyn Nine Nine Logic Puzzle (How-To-Play)
3
Phoebe Buffay Quotes
4
One Tree Hill Logic Puzzle
5
Survivor Logic Puzzle: Heroes vs. Villains
6
Survivor Trivia
7
Game of Thrones: Tywin Lannister Start to Finish
8
All US Survivor Seasons in Order
9
Emmerdale Characters (from August 2012)
10
Survivor Trivia #6: Criteria Quiz!
Explore More
Trending Topics
NBA
Marvel
Crossword
Anime
Kpop
Harry Potter
Disney
Song
The Office
Soccer
NFL
Country
Puzzle
Pokémon
WWE
hide this ad
More By:
sporcloid
Quiz
Plays
Rating
Category
Featured
Created
Double Letters Countries
73,729
4.53
Geography
Sep 25, 2009
Harry Potter or Not?
5,953
4.18
Literature
Nov 30, 2014
Wingardium What?
4,026
4.46
Literature
Jul 17, 2015
AJPW Triple Crown Champions
1,721
4.75
Sports
Sep 27, 2009
Chicken McNugget Shapes (Clickable)
944
2.44
Miscellaneous
Sep 5, 2015
Go to Creator's Profile
Score Distribution
Quiz Creator Spotlight
sporcloid
Follow
Send a Message
Quizzes Created
-
Created Quiz Play Count
-
More By This Creator
Popular Quizzes Today
1
Colored Red Africa Blitz
2
Find the 'City' Movie
3
5x2 Blitz: Bands
4
Find the US States - No Outlines Minefield
5
The Countries of the World
6
Find the US States
7
US States
8
9x9 Crossword: Cartoon Network
More Television Quizzes
Game Show Host Match-Up
Editor's Pick
Trending Quizzes
Colored Red Europe Blitz I
Colored Red Africa Blitz II
Colored Red Africa Blitz III
Colored Red Europe Blitz III
Colored Red Europe Blitz II
Recently Updated
Champions League XIs: Real Madrid
pecheneg
Largest US Cities 1790-2010
pecheneg
Rides in Walt Disney World
pecheneg
Most Oscar Losses (Acting)
pecheneg
Beyoncé Albums
pecheneg
Leaping Animals
pecheneg
Reality TV Shows (A-Z)
bhenderson79
Rickey Henderson's Hall of Fame Teammates
pecheneg
Champions League XIs: Arsenal
pecheneg
Quick Pick: Celebrities in WWE's Hall of Fame
aduchscher
Trending Topics
Crossword
Harry Potter
Disney
Kpop
Marvel
NBA
Anime
WWE
The Office
Song
Pokémon
Soccer
NFL
Country
Puzzle
Your Account Isn't Verified!
In order to create a playlist on Sporcle, you need to verify the email address you used during registration. Go to your
Sporcle Settings
to finish the process.
Report this User
Report this user for behavior that violates our
Community Guidelines
.
Details:
Send Report
Go to the Sporcle.com Mobile Site →
Comments